[Event "London Classic Open 2016"]
[Site "London ENG"]
[Date "2016.12.10"]
[Round "3.35"]
[White "Hebbes, Tim"]
[Black "Tarhon, Brian"]
[Result "0-1"]
[BlackTitle "FM"]
[WhiteElo "2113"]
[BlackElo "2299"]
[WhiteFideId "406570"]
[BlackFideId "423190"]
[EventDate "2016.12.09"]

1. Nf3 Nf6 2. c4 b6 3. Nc3 Bb7 4. d4 e6 5. e3 Bb4 6. Bd2 O-O 7. Bd3 d6 8. Qc2 c5
9. dxc5 bxc5 10. Ne4 Nbd7 11. a3 Nxe4 12. Bxe4 Bxe4 13. Qxe4 Bxd2+ 14. Nxd2 Ne5
15. Qc2 Rb8 16. O-O f5 17. f4 Ng4 18. Rf3 Qf6 19. Rb1 e5 20. fxe5 Qxe5 21. Nf1
g6 22. h3 Nf6 23. Nd2 Rfe8 24. b3 Re7 25. Qd3 Ne4 26. b4 Ng5 27. Rf2 Qg3 28. Kf1
Rxe3 29. Qd5+ Kg7 30. bxc5 Rxb1+ 31. Nxb1 Ne4 32. Qd4+ Kh6 33. Qb2 Nxf2 34. Qxf2
dxc5 35. Qd2 Qf4+ 36. Qf2 Re4 0-1

[Event "London Classic Open 2016"]
[Site "London ENG"]
[Date "2016.12.10"]
[Round "3.36"]
[White "Cole, James"]
[Black "Paszewski, Mateusz"]
[Result "0-1"]
[WhiteElo "1827"]
[BlackElo "2281"]
[WhiteFideId "431818"]
[BlackFideId "1141058"]
[EventDate "2016.12.09"]

1. e4 c5 2. Nf3 d6 3. Bb5+ Nd7 4. O-O a6 5. Bxd7+ Bxd7 6. d4 cxd4 7. Qxd4 e5 8.
Qd3 h6 9. c4 b5 10. Nc3 bxc4 11. Qxc4 Nf6 12. Rd1 Be7 13. h3 O-O 14. Be3 Qb8 15.
Nd5 Nxd5 16. Qxd5 Be6 17. Qd3 Qb7 18. b3 f5 19. exf5 Bxf5 20. Qd5+ Qxd5 21. Rxd5
Rfc8 22. Rad1 Be4 23. Ra5 Bc6 24. b4 Kf7 25. a4 Ke6 26. b5 axb5 27. Rxa8 Rxa8
28. axb5 Bxb5 29. Re1 Kd7 30. Rd1 Ke6 31. Re1 Kf7 32. Nh2 Ra2 33. f4 Bc6 34. Nf3
Bxf3 35. gxf3 Bh4 36. Rd1 Ra3 37. Bf2 Bxf2+ 38. Kxf2 Ke6 39. fxe5 Kxe5 40. f4+
Ke6 41. Rg1 Kf6 42. f5 Rxh3 43. Rg6+ Kxf5 44. Rxg7 d5 45. Kg2 Rh5 46. Kf3 Ke5
47. Rg4 Kd6 48. Ke3 Kc5 49. Kd3 Rh3+ 50. Kd2 h5 51. Ra4 h4 52. Rg4 Rh1 53. Rf4
h3 54. Rh4 h2 0-1

[Event "London Classic Open 2016"]
[Site "London ENG"]
[Date "2016.12.10"]
[Round "3.37"]
[White "Cumming, Rhys"]
[Black "Istratescu, Andrei"]
[Result "1/2-1/2"]
[BlackTitle "GM"]
[WhiteElo "2156"]
[BlackElo "2596"]
[WhiteFideId "470163"]
[BlackFideId "1200372"]
[EventDate "2016.12.09"]

1. d4 Nf6 2. c4 e6 3. Nc3 Bb4 4. Qc2 d5 5. cxd5 exd5 6. Bg5 h6 7. Bh4 c5 8. dxc5
g5 9. Bg3 Ne4 10. e3 Nc6 11. Bd3 Bxc3+ 12. bxc3 Nxc5 13. Ne2 Bd7 14. h4 Qf6 15.
Nd4 Rc8 16. Qe2 a6 17. Bc2 Ne4 18. Bxe4 dxe4 19. Qb2 b5 20. Qa3 Nxd4 21. cxd4
Rg8 22. Rc1 Rxc1+ 23. Qxc1 Qc6 24. Qxc6 Bxc6 25. hxg5 hxg5 26. Rh6 Rg6 27. Rxg6
fxg6 28. a3 Kd7 29. Kd2 Bd5 30. Kc3 a5 31. Be5 g4 32. Bg3 Bc4 33. Bf4 Kc6 34.
Bg3 Bf1 35. Bh4 Bxg2 36. Bg3 Bf1 37. Bh4 Bd3 38. Bg3 Bc4 39. a4 Bd5 40. axb5+
Kxb5 41. Kb2 1/2-1/2

[Event "London Classic Open 2016"]
[Site "London ENG"]
[Date "2016.12.10"]
[Round "3.38"]
[White "Zhou, Yang-Fan"]
[Black "Gross, Willi"]
[Result "1-0"]
[WhiteTitle "IM"]
[WhiteElo "2470"]
[BlackElo "2144"]
[WhiteFideId "468584"]
[BlackFideId "1270470"]
[EventDate "2016.12.09"]

1. e4 c5 2. Nf3 Nc6 3. Bb5 g6 4. Bxc6 bxc6 5. O-O Bg7 6. Re1 Nh6 7. c3 O-O 8. d4
cxd4 9. cxd4 d5 10. e5 f6 11. exf6 exf6 12. Qc2 Bg4 13. Nbd2 Qd7 14. b3 Rfe8 15.
Ba3 Rxe1+ 16. Rxe1 Re8 17. Rxe8+ Qxe8 18. h3 Bd7 19. Bc5 Bf5 20. Qc1 a6 21. Qf1
Bc8 22. b4 g5 23. Nb3 g4 24. hxg4 Nxg4 25. Na5 Bh6 26. Qe1 Bd7 27. Qxe8+ Bxe8
28. Nb7 Bd7 29. Bd6 Bc1 30. Kf1 Bf5 31. Ke2 Bb1 32. a4 Bf5 33. Ne1 Bb2 34. Na5
Bd7 35. Bc5 Nh6 36. Kd2 1-0

[Event "London Classic Open 2016"]
[Site "London ENG"]
[Date "2016.12.10"]
[Round "3.39"]
[White "Wells, Peter K"]
[Black "Peiris, T G M"]
[Result "1-0"]
[WhiteTitle "GM"]
[WhiteElo "2431"]
[BlackElo "2134"]
[WhiteFideId "400327"]
[BlackFideId "9901310"]
[EventDate "2016.12.09"]

1. d4 Nf6 2. Nf3 e6 3. c4 d5 4. g3 Be7 5. Bg2 O-O 6. O-O dxc4 7. Qc2 a6 8. Qxc4
b5 9. Qc2 Bb7 10. Bd2 Be4 11. Qc1 b4 12. a3 a5 13. Bf4 Na6 14. Nbd2 Bd5 15. axb4
Bxb4 16. Bg5 h6 17. Bxf6 Qxf6 18. Nc4 Nb8 19. Qc2 Nd7 20. Nfe5 Nxe5 21. Nxe5
Rad8 22. Bxd5 Rxd5 23. Nc6 Rb5 24. e4 Qg5 25. Kg2 Qd2 26. Qc4 Rb6 27. Rfc1 Qxb2
28. Ra2 Rxc6 29. Rxb2 Rxc4 30. Rxc4 Rd8 31. Kf3 Rd7 32. Ke3 f6 33. Rc6 Kf7 34.
f4 Ke7 35. e5 f5 36. Rbc2 Kd8 37. Rxe6 Rd5 38. Rec6 1-0

[Event "London Classic Open 2016"]
[Site "London ENG"]
[Date "2016.12.10"]
[Round "3.40"]
[White "Van der Elburg, Freddie"]
[Black "Raghunandan, Kaumandur Srihari"]
[Result "0-1"]
[BlackTitle "IM"]
[WhiteElo "2135"]
[BlackElo "2423"]
[WhiteFideId "1007904"]
[BlackFideId "25004964"]
[EventDate "2016.12.09"]

1. f4 d5 2. Nf3 c5 3. g3 Nc6 4. Bg2 g6 5. O-O Bg7 6. d3 Nf6 7. c3 O-O 8. Na3 b6
9. Qa4 Bb7 10. e4 Rc8 11. e5 Nd7 12. e6 fxe6 13. Ng5 Rf6 14. Nxe6 Rxe6 15. Bxd5
Nf8 16. Qe4 Qd7 17. f5 gxf5 18. Qxf5 Kh8 19. Bxe6 Qxe6 20. Bg5 Ne5 21. Qxe6 Nxe6
22. Bxe7 Nf3+ 23. Kf2 Re8 24. Bd6 Rd8 25. Bf4 Nxh2 26. Rfe1 Ng4+ 27. Kg1 Nxf4
28. gxf4 Bf6 29. Rad1 Rg8 30. Rd2 Ne5+ 31. Kf1 Nf3 0-1

[Event "London Classic Open 2016"]
[Site "London ENG"]
[Date "2016.12.10"]
[Round "3.41"]
[White "Eggleston, David J"]
[Black "Harari, Zaki"]
[Result "1-0"]
[WhiteTitle "IM"]
[WhiteElo "2399"]
[BlackElo "2102"]
[WhiteFideId "412120"]
[BlackFideId "2002639"]
[EventDate "2016.12.09"]

1. e4 e5 2. Nf3 Nc6 3. Bc4 Bc5 4. c3 Nf6 5. d3 d6 6. O-O h6 7. h3 Bb6 8. b4 Qe7
9. a4 a6 10. Nbd2 Be6 11. Ba3 Nd7 12. Bxe6 Qxe6 13. b5 axb5 14. axb5 Na5 15. d4
O-O 16. d5 Qe7 17. Bb4 Nc5 18. Ra3 Ra7 19. Qc2 Rfa8 20. Rfa1 Qd7 21. c4 c6 22.
Qc3 Qc7 23. R1a2 Nd7 24. Qa1 c5 25. Bc3 Qd8 26. Nh2 Bc7 27. Nhf1 b6 28. Ne3 g6
29. Qf1 Qg5 30. g3 Re8 31. h4 Qe7 32. h5 Rb7 33. Qh3 Kh7 34. Ng4 g5 35. Ne3 Bd8
36. Nf5 Qf6 37. Qg4 Rf8 38. Bxa5 bxa5 39. Nb3 a4 40. Rxa4 Nb6 41. Ra6 Nxc4 42.
Nxc5 Rxb5 43. Nd7 Rb1+ 44. Kg2 Qh8 45. Rc6 Rb7 46. Nxd6 Nxd6 47. Rxd6 Re8 48.
Qf5+ Kg8 49. Rg6+ 1-0

[Event "London Classic Open 2016"]
[Site "London ENG"]
[Date "2016.12.10"]
[Round "3.42"]
[White "Gollain, Marc"]
[Black "Siva, Mahadevan"]
[Result "0-1"]
[BlackTitle "IM"]
[WhiteElo "2122"]
[BlackElo "2360"]
[WhiteFideId "603546"]
[BlackFideId "25043153"]
[EventDate "2016.12.09"]

1. c4 c5 2. g3 g6 3. Bg2 Bg7 4. Nc3 Nc6 5. Nf3 d6 6. O-O Bf5 7. d3 Qd7 8. e4 Bg4
9. Nd5 Nf6 10. Ne3 Bh3 11. Bxh3 Qxh3 12. Ng5 Qd7 13. f4 O-O 14. Rb1 Rab8 15. b3
Ne8 16. Bb2 Nd4 17. Nc2 Nxc2 18. Qxc2 e5 19. f5 Bh6 20. Bc1 Ng7 21. g4 f6 22.
Nh3 Bxc1 23. Rbxc1 h5 24. Nf2 hxg4 25. Nxg4 Nh5 26. Ne3 g5 27. Nd5 Kf7 28. Qe2
Rh8 29. Rf2 Rh6 30. Rcf1 Rbh8 31. Rg2 R8h7 32. Rf3 Nf4 33. Nxf4 exf4 34. Qb2 Qe8
35. b4 b6 36. Qa3 Kf8 37. b5 Qe5 38. Qb2 g4 39. Qxe5 dxe5 40. Rxg4 Rxh2 41. a4
Rh1+ 42. Kf2 Ra1 43. Kg2 Rxa4 44. Rf2 Ra1 45. Rd2 Rhh1 46. Rg6 Rag1+ 47. Kf3
Rh3+ 48. Kf2 Rxg6 49. fxg6 Rh2+ 50. Ke1 Rxd2 51. Kxd2 Kg7 0-1

[Event "London Classic Open 2016"]
[Site "London ENG"]
[Date "2016.12.10"]
[Round "3.43"]
[White "Stewart, Ashley"]
[Black "Bates, Richard A"]
[Result "0-1"]
[BlackTitle "IM"]
[WhiteElo "2105"]
[BlackElo "2347"]
[WhiteFideId "419001"]
[BlackFideId "403555"]
[EventDate "2016.12.09"]

1. c4 e5 2. g3 h5 3. h4 Bc5 4. Nc3 Nf6 5. Bg2 a6 6. e3 Nc6 7. Nge2 d6 8. b3 Bg4
9. Bb2 Qd7 10. f3 Bf5 11. d4 exd4 12. exd4 Ba7 13. Qd2 O-O-O 14. Ne4 Nxe4 15.
fxe4 Bg4 16. O-O-O Rde8 17. Rde1 f5 18. Nf4 fxe4 19. Bxe4 Bf5 20. Bf3 g6 21. Bc3
Rxe1+ 22. Rxe1 Re8 23. Re3 a5 24. Rxe8+ Qxe8 25. Ne2 Nb4 26. Nf4 Nxa2+ 27. Kb2
Nb4 28. Bxb4 axb4 29. Ne2 c5 30. d5 Bb6 31. Nf4 Qe5+ 32. Ka2 Bd8 33. Ne6 Bf6 0-1

[Event "London Classic Open 2016"]
[Site "London ENG"]
[Date "2016.12.10"]
[Round "3.44"]
[White "Zujev, Oleg"]
[Black "Compton, Alistair"]
[Result "1-0"]
[WhiteElo "2340"]
[BlackElo "2099"]
[WhiteFideId "12801585"]
[BlackFideId "4300645"]
[EventDate "2016.12.09"]

1. d4 e6 2. c4 d5 3. Nc3 c5 4. cxd5 exd5 5. Nf3 Nc6 6. dxc5 d4 7. Na4 b5 8. cxb6
axb6 9. e3 Bd7 10. exd4 Nxd4 11. Qxd4 Rxa4 12. Qe5+ Qe7 13. Bd3 Qxe5+ 14. Nxe5
Bb4+ 15. Bd2 Nf6 16. Nxd7 Bxd2+ 17. Kxd2 Nxd7 18. Rhe1+ Kd8 19. Kc3 Ra5 20. b4
Ra3+ 21. Kc2 f6 22. f4 g6 23. Bb5 h6 24. Kb2 Ra7 25. Rad1 Rh7 26. Re6 1-0

[Event "London Classic Open 2016"]
[Site "London ENG"]
[Date "2016.12.10"]
[Round "3.46"]
[White "Moen, Andreas"]
[Black "Mitra, Roman C"]
[Result "1-0"]
[WhiteTitle "IM"]
[WhiteElo "2327"]
[BlackElo "2083"]
[WhiteFideId "1501453"]
[BlackFideId "419540"]
[EventDate "2016.12.09"]

1. e4 c5 2. Nf3 d6 3. d4 cxd4 4. Nxd4 Nf6 5. Nc3 a6 6. Be3 e5 7. Nb3 Be6 8. f3
Be7 9. Qd2 O-O 10. O-O-O a5 11. Bb5 Na6 12. Qe2 Qb8 13. g4 Nc7 14. g5 Nfe8 15.
a4 Qc8 16. Bc4 Bxc4 17. Qxc4 Qh3 18. Nd2 Ra6 19. Qb3 Qc8 20. Nc4 Kh8 21. h4 f5
22. Nb6 Qe6 23. Nbd5 Nxd5 24. Nxd5 Qd7 25. Qb5 Rc6 26. Qxa5 Bd8 27. Qb5 Qc8 28.
Kb1 f4 29. Bf2 Rxc2 30. Rc1 Rc6 31. Nb4 Rxc1+ 32. Rxc1 Qh3 33. Qxb7 Qxf3 34. Ba7
Ba5 35. Ka2 Bxb4 36. Qxb4 Qh5 37. Qb7 Qxh4 38. Rc8 Qxg5 39. Qf7 Qf6 40. Qxe8 Kg8
41. Qxf8+ Qxf8 42. Rxf8+ Kxf8 43. a5 Ke7 44. b4 Kd7 45. b5 f3 46. a6 g5 47. Bf2
Kc7 48. b6+ Kb8 49. Be1 Ka8 50. Kb3 h5 51. Kc4 h4 52. Kb5 h3 53. b7+ 1-0

[Event "London Classic Open 2016"]
[Site "London ENG"]
[Date "2016.12.10"]
[Round "3.47"]
[White "Franklin, Samuel G A"]
[Black "Eizaguerri Floris, Maria"]
[Result "1/2-1/2"]
[WhiteTitle "FM"]
[BlackTitle "WFM"]
[WhiteElo "2310"]
[BlackElo "2082"]
[WhiteFideId "468576"]
[BlackFideId "32065752"]
[EventDate "2016.12.09"]

1. e4 c5 2. Nf3 e6 3. d4 cxd4 4. Nxd4 Nc6 5. Nc3 a6 6. Nxc6 bxc6 7. Bd3 d5 8.
O-O Be7 9. e5 Qc7 10. Re1 c5 11. b3 Bb7 12. Na4 h5 13. c4 d4 14. Nb2 Rd8 15. Bd2
Kf8 16. Qe2 g6 17. Be4 Kg7 18. Nd3 Nh6 19. Rab1 Bxe4 20. Qxe4 Rb8 21. Rec1 Qb7
22. Qxb7 Rxb7 23. Rc2 Nf5 24. Kf1 g5 25. Ke2 Kg6 26. Rcb2 Rc8 27. Rc1 f6 28. f4
g4 29. Re1 h4 30. Kf1 g3 31. h3 fxe5 32. Nxe5+ Kg7 33. Nd3 Kf6 34. Bc1 a5 35.
Rbe2 Rb6 36. Ne5 Rc7 37. Ng4+ Kf7 38. Ne5+ Kg7 39. Nf3 Kf7 40. Ne5+ Kf6 41. Ng4+
Kf7 1/2-1/2

[Event "London Classic Open 2016"]
[Site "London ENG"]
[Date "2016.12.10"]
[Round "3.48"]
[White "Sowray, Peter J"]
[Black "Korning, Peter"]
[Result "1/2-1/2"]
[WhiteTitle "FM"]
[WhiteElo "2307"]
[BlackElo "2081"]
[WhiteFideId "400971"]
[BlackFideId "1723332"]
[EventDate "2016.12.09"]

1. d4 d5 2. c4 e6 3. Nc3 c5 4. e3 Nf6 5. Nf3 a6 6. a3 dxc4 7. Bxc4 b5 8. Bd3 Bb7
9. O-O Nbd7 10. Qe2 Rc8 11. Bc2 Qc7 12. dxc5 Bxc5 13. e4 O-O 14. Bg5 Qb8 15.
Rad1 Bxa3 16. Nxb5 axb5 17. bxa3 Qa8 18. Bd3 Nc5 19. Bxf6 gxf6 20. e5 Bxf3 21.
gxf3 fxe5 22. Qxe5 Qxf3 23. Be2 Qe4 24. Qg5+ Qg6 25. Qxg6+ hxg6 26. Bxb5 Ra8 27.
Rc1 Nb3 28. Rc3 Nd4 29. Bd3 Ra5 30. f4 Rfa8 31. Ra1 Kg7 32. Kf2 Kf6 33. Ra2 Nf5
34. Bxf5 Rxf5 35. Rc4 Raa5 36. h4 Rh5 37. Kg3 Rh8 38. a4 Rah5 39. Rh2 Rb8 40.
Rhc2 Rb3+ 41. R2c3 Rxc3+ 42. Rxc3 Ra5 43. Rc4 Rd5 44. Rc7 Ra5 45. Rc4 Rd5 46.
Rc7 Ra5 1/2-1/2

[Event "London Classic Open 2016"]
[Site "London ENG"]
[Date "2016.12.10"]
[Round "3.49"]
[White "Vardan, Nagpal"]
[Black "Gomes, Mary Ann"]
[Result "0-1"]
[BlackTitle "WGM"]
[WhiteElo "2079"]
[BlackElo "2302"]
[WhiteFideId "25089544"]
[BlackFideId "5013623"]
[EventDate "2016.12.09"]

1. Nf3 c5 2. c4 Nc6 3. Nc3 g6 4. e3 d6 5. d4 Bg4 6. Be2 cxd4 7. exd4 Bg7 8. Be3
Nf6 9. O-O O-O 10. h3 Bxf3 11. Bxf3 Rc8 12. Rc1 a6 13. Qe2 e6 14. Rfd1 d5 15.
cxd5 exd5 16. Bg5 h6 17. Bxf6 Bxf6 18. Bxd5 Bxd4 19. Ne4 Qxd5 20. Nf6+ Bxf6 21.
Rxd5 Nd4 22. Rxd4 Rxc1+ 23. Rd1 Rfc8 24. Rxc1 Rxc1+ 25. Kh2 Rb1 26. b3 Rb2 27.
Qe8+ Kg7 28. Kg3 Rxa2 29. Qd7 b5 30. f4 Ra3 31. Qd5 a5 32. Kh2 b4 33. g4 a4 34.
g5 hxg5 35. fxg5 Bc3 36. h4 axb3 37. h5 gxh5 38. Qd6 Ra2+ 39. Kh3 Rf2 40. Qh6+
Kg8 41. g6 b2 42. gxf7+ Rxf7 43. Qg6+ Bg7 44. Qe4 b3 45. Qe8+ Rf8 46. Qe4 Kh8
47. Qg6 Rf6 48. Qe8+ Kh7 49. Qe4+ Kh8 50. Qe8+ Bf8 51. Qe4 h4 52. Qe1 Rf4 53.
Qe5+ Bg7 54. Qh5+ Kg8 55. Qe8+ Kh7 56. Qe1 Bf6 57. Qd1 Kg7 58. Qd7+ Kh6 59. Qd1
Re4 60. Qd2+ Kg6 61. Qd3 Kf5 62. Kg2 Ke5 63. Qc3+ Kd5 64. Qxb3+ Rc4 65. Qb5+ Rc5
66. Qb3+ Kd6 67. Qb6+ Rc6 68. Qb4+ Kc7 69. Qf4+ Kb7 70. Qe4 Bc3 71. Kh3 Bf6 72.
Kg2 Kc7 73. Qf4+ Rd6 74. Qc4+ Kd8 75. Qg8+ Ke7 76. Qh7+ Ke6 77. Qe4+ Be5 78. Kh3
Rd4 79. Qc6+ Kf5 80. Qf3+ Kg5 81. Qe3+ Kf6 82. Qb3 Ke7 83. Qa3+ Kd7 84. Qb3 Kd6
85. Qb5 Rf4 86. Qb6+ Kd5 87. Qb5+ Ke6 88. Qb3+ Kf6 89. Qb7 Kg5 90. Qe7+ Bf6 91.
Qc5+ Kg6 92. Qc2+ Kf7 93. Qb3+ Kg7 94. Qd1 Bd4 95. Qc2 Kf6 96. Qc6+ Ke5 97. Qb5+
Kf6 98. Qc6+ Kg5 99. Qg2+ Kh6 100. Qc6+ Bf6 101. Qb5 Rf3+ 102. Kg2 Rg3+ 103. Kh2
Be5 104. Kh1 Rc3 105. Kg2 h3+ 106. Kf2 Bd4+ 107. Ke2 Rc1 108. Qa6+ Kg5 109. Qb5+
Kf6 110. Qa6+ Kg5 111. Qb5+ Kh4 112. Qd5 Re1+ 113. Kf3 b1=Q 114. Qxd4+ Qe4+ 0-1

[Event "London Classic Open 2016"]
[Site "London ENG"]
[Date "2016.12.10"]
[Round "3.50"]
[White "Mirzoyan, David"]
[Black "Waddington, Mike P"]
[Result "1-0"]
[WhiteTitle "FM"]
[BlackTitle "FM"]
[WhiteElo "2299"]
[BlackElo "2078"]
[WhiteFideId "13308386"]
[BlackFideId "410497"]
[EventDate "2016.12.09"]

1. d4 Nf6 2. c4 e6 3. Nc3 Bb4 4. Qc2 Nc6 5. Nf3 d6 6. a3 Bxc3+ 7. Qxc3 a5 8. b3
O-O 9. Bb2 Ne4 10. Qc2 d5 11. e3 f5 12. Bd3 Ne7 13. Ne5 c6 14. f3 Nd6 15. O-O
Nf7 16. Nxf7 Rxf7 17. e4 Bd7 18. a4 Ng6 19. Qd2 Qb6 20. c5 Qc7 21. e5 f4 22. Qc2
Nf8 23. g3 Qd8 24. Bc1 g5 25. Kh1 fxg3 26. hxg3 Be8 27. Qh2 Rg7 28. Qh6 Qe7 29.
Bd2 Bf7 30. Qf6 Qe8 31. Bxg5 Bg6 32. Bh6 Rf7 33. Qg5 Kh8 34. Bxg6 Nxg6 35. Qg4
Rf5 36. Bg5 Qf7 37. Bf6+ Kg8 38. Kg1 Kf8 39. Ra2 Ke8 40. Qh3 Kd7 41. g4 Rf4 42.
Rh2 Rxd4 43. Qxh7 Rf8 44. Qxf7+ Rxf7 45. Rh6 Nf4 46. g5 Rd2 47. Rf2 Rd1+ 48. Kh2
Ke8 49. g6 Rf8 50. Kg3 Nd3 51. Rg2 Nxc5 52. Rh7 1-0

[Event "London Classic Open 2016"]
[Site "London ENG"]
[Date "2016.12.10"]
[Round "3.51"]
[White "Makepeace, Philip J"]
[Black "Lercel, Michal"]
[Result "1/2-1/2"]
[WhiteElo "2077"]
[BlackElo "2266"]
[WhiteFideId "413550"]
[BlackFideId "1114700"]
[EventDate "2016.12.09"]

1. d4 Nf6 2. Nf3 g6 3. c4 Bg7 4. Nc3 d6 5. g3 O-O 6. Bg2 a6 7. O-O Nc6 8. b3 Rb8
9. Bb2 b5 10. cxb5 axb5 11. Re1 b4 12. Na4 Bd7 13. Rc1 Na5 14. Nd2 Bxa4 15. bxa4
Nd7 16. Nb3 c5 17. Ba1 Qb6 18. dxc5 Nxc5 19. Bxg7 Kxg7 20. Qd4+ e5 21. Qd5 Nab7
22. Qc6 Qxc6 23. Bxc6 Rfc8 24. Bxb7 Nxb7 25. Red1 Kf6 26. a5 Ke6 27. e4 Nc5 28.
f3 Ra8 29. Rd5 Nxb3 30. Rxc8 Rxc8 31. axb3 Rc1+ 32. Kg2 Rc2+ 33. Kh3 Rb2 34. a6
Ra2 35. Rb5 Rxa6 36. Rxb4 Ra2 37. g4 f5 38. Rb7 fxe4 39. fxe4 Re2 40. Rb4 h5 41.
Kg3 Kf6 42. Rb6 h4+ 43. Kf3 Rxh2 44. Rxd6+ Kg5 45. Rb6 Rh3+ 46. Kg2 Rg3+ 47. Kh2
Re3 48. b4 Rxe4 49. b5 Rb4 50. Rb8 Kf4 51. b6 Ke3 52. b7 e4 53. Kh3 Ke2 54. Re8
Rxb7 55. Rxe4+ 1/2-1/2

[Event "London Classic Open 2016"]
[Site "London ENG"]
[Date "2016.12.10"]
[Round "3.52"]
[White "Villiers, Thomas"]
[Black "Buchicchio, Giampaolo"]
[Result "1/2-1/2"]
[BlackTitle "FM"]
[WhiteElo "2073"]
[BlackElo "2262"]
[WhiteFideId "427209"]
[BlackFideId "811491"]
[EventDate "2016.12.09"]

1. Nf3 d5 2. d4 g6 3. Bf4 Bg7 4. e3 c6 5. c3 Nf6 6. Nbd2 Nh5 7. Be5 f6 8. Bxb8
Rxb8 9. h3 Bh6 10. Bd3 Be6 11. Qc2 Bf7 12. g4 Ng7 13. g5 fxg5 14. Ne5 Ne6 15.
O-O-O Bg7 16. Nxf7 Kxf7 17. f4 gxf4 18. Rdf1 Ke8 19. exf4 Nf8 20. h4 Qd6 21. f5
gxf5 22. Bxf5 Kd8 23. Nf3 h6 24. h5 Kc7 25. Nh4 a6 26. Kb1 Kb6 27. Ng6 Nxg6 28.
hxg6 Rbf8 29. Bd3 e5 30. dxe5 Qxe5 31. Rf7 Ka7 32. Rhf1 Rxf7 1/2-1/2

[Event "London Classic Open 2016"]
[Site "London ENG"]
[Date "2016.12.10"]
[Round "3.53"]
[White "O'Toole, George E"]
[Black "Dushyant, Sharma"]
[Result "1-0"]
[WhiteElo "2262"]
[BlackElo "2066"]
[WhiteFideId "412732"]
[BlackFideId "25065130"]
[EventDate "2016.12.09"]

1. e4 e5 2. Nf3 Nc6 3. Bb5 a6 4. Bxc6 dxc6 5. Nc3 Bd6 6. d4 Bg4 7. dxe5 Bxf3 8.
Qxf3 Bxe5 9. Bd2 Qf6 10. Qe2 Ne7 11. g3 O-O-O 12. O-O-O Qe6 13. Kb1 Rhe8 14. f3
c5 15. Rhe1 Nc6 16. f4 Bd4 17. Qf3 Bxc3 18. Bxc3 Rxd1+ 19. Qxd1 f6 20. Qh5 Qe7
21. Qxh7 b5 22. Qf5+ Kb7 23. b3 b4 24. Bb2 a5 25. Qd5 Qd6 26. Qc4 Kb6 27. Qe2
Qe6 28. e5 f5 29. Rd1 a4 30. bxa4 c4 31. Qe3+ Kb7 32. Qc5 Ra8 33. Qd5 Qxd5 34.
Rxd5 c3 35. Bc1 Rxa4 36. Rb5+ Kc8 37. Be3 Kd7 38. Rd5+ Ke6 39. Rc5 Ra6 40. h3
Ne7 41. Rxc7 g5 42. fxg5 Nd5 43. Ra7 Rc6 44. Bf4 Nxf4 45. gxf4 Rc4 46. Ra6+ Ke7
47. a4 Rxf4 48. g6 Re4 49. Ra7+ Ke6 50. Ka2 Re3 51. h4 Re2 52. Kb3 f4 53. Rf7
Rg2 54. Rxf4 Kxe5 55. Rxb4 Rxg6 56. Kxc3 Kd5 57. Rb5+ Kc6 58. h5 Rg1 59. Rf5 Kb6
60. a5+ Ka6 61. Rc5 Rh1 62. Kd4 Rh4+ 63. Ke3 Rh1 64. Kf4 Rh2 65. Kg5 Rg2+ 66.
Kh6 Rd2 67. c4 Rd1 68. Kg6 Rg1+ 69. Rg5 Rc1 70. h6 Rxc4 71. h7 Rc6+ 72. Kh5 Rc1
73. Kh6 1-0

[Event "London Classic Open 2016"]
[Site "London ENG"]
[Date "2016.12.10"]
[Round "3.54"]
[White "Abrahams, Daniel"]
[Black "Cordes, Hans-Joerg"]
[Result "0-1"]
[BlackTitle "FM"]
[WhiteElo "2071"]
[BlackElo "2259"]
[WhiteFideId "2606879"]
[BlackFideId "4602234"]
[EventDate "2016.12.09"]

1. c4 e6 2. g3 f5 3. Bg2 Nf6 4. Nc3 d5 5. d3 Be7 6. e4 d4 7. Nce2 Nc6 8. exf5 e5
9. Bg5 Bxf5 10. Bxf6 Bb4+ 11. Kf1 Qxf6 12. a3 O-O 13. axb4 Bxd3 14. Bd5+ Kh8 15.
f3 Nxb4 16. Qd2 a5 17. Bxb7 Rab8 18. Rxa5 Rxb7 19. Rb5 Rxb5 20. cxb5 Be4 21.
Qxb4 Bxf3 22. Nxf3 Qxf3+ 23. Ke1 Qxh1+ 24. Kd2 Qf3 25. Qe7 Qe3+ 26. Ke1 Ra8 0-1

[Event "London Classic Open 2016"]
[Site "London ENG"]
[Date "2016.12.10"]
[Round "3.55"]
[White "Osborne, Marcus E"]
[Black "Seymour, Timothy P"]
[Result "0-1"]
[WhiteElo "2257"]
[BlackElo "2060"]
[WhiteFideId "404608"]
[BlackFideId "412112"]
[EventDate "2016.12.09"]

1. e4 e5 2. Nf3 Nc6 3. Bb5 a6 4. Ba4 Nge7 5. c3 d5 6. exd5 Qxd5 7. d4 Bg4 8.
dxe5 Bxf3 9. Qxf3 Qxf3 10. gxf3 b5 11. Bc2 Nxe5 12. a4 b4 13. f4 N5c6 14. a5 g6
15. Ra4 O-O-O 16. Be4 f5 17. Bf3 Nd5 18. O-O Bh6 19. c4 Nde7 20. Be3 Nd4 21.
Bxd4 Rxd4 22. Rxb4 Bxf4 23. Bb7+ Kd7 24. Bxa6 Ra8 25. Bb5+ c6 26. Ba4 Bd6 27.
Rb3 Rxa5 28. Nc3 Rxc4 29. Rd1 Rcxa4 30. Nxa4 Rxa4 31. Rb7+ Ke6 32. f3 Bc5+ 33.
Kg2 Rb4 34. Rxb4 Bxb4 35. Rd8 h5 36. Rb8 Nd5 37. Re8+ Kf6 38. Rc8 Ne7 39. Rb8
Bd6 40. Rb6 Ke5 41. Rb7 Kd5 42. Kf2 Kc4 43. h3 Nd5 44. Rg7 Ne7 45. Rf7 Kb3 46.
Ke3 Kxb2 47. Kd2 Kb3 48. Kd3 c5 49. Rf6 c4+ 50. Kd4 Bb4 51. Re6 c3 52. Re3 f4
53. Rd3 Nf5+ 54. Ke4 Kb2 0-1

[Event "London Classic Open 2016"]
[Site "London ENG"]
[Date "2016.12.10"]
[Round "3.56"]
[White "Jamroz, Krzysztof"]
[Black "Nandhidhaa, PV"]
[Result "0-1"]
[BlackTitle "WIM"]
[WhiteElo "2045"]
[BlackElo "2251"]
[WhiteFideId "1111850"]
[BlackFideId "5050847"]
[EventDate "2016.12.09"]

1. e4 c5 2. Nf3 e6 3. c3 Nf6 4. e5 Nd5 5. d4 cxd4 6. cxd4 d6 7. Be2 Nc6 8. O-O
Be7 9. a3 O-O 10. b4 b6 11. Re1 Bb7 12. Bb2 Rc8 13. Qd2 Qc7 14. Rc1 Qb8 15. Nc3
Nxc3 16. Bxc3 Rfd8 17. Qf4 h6 18. Qg3 Bf8 19. Qh3 Ne7 20. g4 dxe5 21. dxe5 Ng6
22. Qg3 Bd5 23. Ba6 Rc7 24. g5 h5 25. Nd4 Bb7 26. Bd3 Rxc3 27. Rxc3 Rxd4 28.
Bxg6 Rg4 29. Bxh5 Rxg3+ 30. hxg3 Qxe5 0-1